A készletezés-menedzsment gazdálkodási és hatékonysági kérdései és gyakorlati megvalósítása

Bibliographic Details
Main Author: Vass Dóra
Other Authors: Fülöp Dr. Sándor
Format: Thesis
Kulcsszavak:Készletezés
készletezés-menedzsment
Hatékonyság
Online Access:http://dolgozattar.uni-bge.hu/11718

MARC

LEADER 00000nta a2200000 i 4500
001 dolg11718
005 20170517103850.0
008 170517suuuu hu om 000 hun d
040 |a BGE Dolgozattár Repozitórium  |b hun 
041 |a hu 
100 1 |a Vass Dóra 
245 1 2 |a A készletezés-menedzsment gazdálkodási és hatékonysági kérdései és gyakorlati megvalósítása  |c Vass Dóra  |h [elektronikus dokumentum] 
695 |a Készletezés 
695 |a készletezés-menedzsment 
695 |a Hatékonyság 
700 1 |a Fülöp Dr. Sándor  |e ths 
856 4 0 |u http://dolgozattar.uni-bge.hu/11718/1/VASS%20D%C3%93RA-repozit%C3%B3riumi.pdf  |z Dokumentum-elérés